| 000 | 01310nam a2200337Ia 4500 | ||
|---|---|---|---|
| 001 | ebr10688091 | ||
| 003 | CaPaEBR | ||
| 006 | m u | ||
| 007 | cr cn||||||||| | ||
| 008 | 081211s2008 njua sb 001 0 eng d | ||
| 010 | _z 2008300020 | ||
| 020 | _z9789812704559 (hbk.) | ||
| 020 | _z9812704558 (hbk.) | ||
| 020 | _z9789812832504 | ||
| 040 |
_aCaPaEBR _cCaPaEBR |
||
| 035 | _a(OCoLC)696628373 | ||
| 050 | 1 | 4 |
_aHG4636 _b.C44 2008eb |
| 082 | 0 | 4 |
_a332.632042 _222 |
| 100 | 1 | _aCheng, Bing. | |
| 245 | 1 | 0 |
_aAsset pricing _h[electronic resource] : _ba structural theory and its applications / _cBing Cheng, Howell Tong. |
| 260 |
_aHackensack, NJ : _bWorld Scientific, _cc2008. |
||
| 300 |
_axiii, 76 p. : _bill. (some col.) |
||
| 504 | _aIncludes bibliographical references (p. 71-74) and index. | ||
| 533 |
_aElectronic reproduction. _bPalo Alto, Calif. : _cebrary, _d2013. _nAvailable via World Wide Web. _nAccess may be limited to ebrary affiliated libraries. |
||
| 650 | 0 | _aCapital assets pricing model. | |
| 650 | 0 |
_aStocks _xPrices _xMathematical models. |
|
| 655 | 7 |
_aElectronic books. _2local |
|
| 700 | 1 | _aTong, Howell. | |
| 710 | 2 | _aebrary, Inc. | |
| 856 | 4 | 0 |
_uhttp://site.ebrary.com/lib/rucke/Doc?id=10688091 _zAn electronic book accessible through the World Wide Web; click to view |
| 999 |
_c12615 _d12615 |
||